Aplikácia e-learningu vo vzdelávaní na stredných odborných školách

Využívanie moderných informačných a komunikačných prostriedkov a zvyšovanie kvality vzdelávania. E-learning, jedna z moderných metód vzdelávania a ich aplikácia v rámci výučby odborných predmetov na stredných školách.

Salvato in:
Dettagli Bibliografici
Autore principale: Lacková, Alica
Altri autori: Karkalíková, Marta
Natura: Capitolo di libro
Lingua:slovacco
Soggetti:
Tags: Aggiungi Tag
Nessun Tag, puoi essere il primo ad aggiungerne!!

MARC

LEADER 00000nla$a2200000$$$4500
001 0145460
005 20240530103001.2
041 0 |a slo 
044 |a SK 
245 1 0 |a Aplikácia e-learningu vo vzdelávaní na stredných odborných školách  |c Alica Lacková, Marta Karkalíková 
520 |a Využívanie moderných informačných a komunikačných prostriedkov a zvyšovanie kvality vzdelávania. E-learning, jedna z moderných metód vzdelávania a ich aplikácia v rámci výučby odborných predmetov na stredných školách. 
610 2 0 |a vzdelávanie 
610 2 0 |a vyučovanie 
610 2 0 |a predmety učebné 
610 2 0 |a školy stredné 
610 2 0 |a vzdelávanie elektronické 
610 2 0 |a gramotnosť informačná 
610 2 0 |a technológie informačné 
610 2 0 |a technológie komunikačné 
610 2 0 |a kvalita vzdelávania 
100 1 |a Lacková, Alica 
700 1 |a Karkalíková, Marta